Curative powers of the holy Giita / (Record no. 133346)

MARC details
000 -LEADER
fixed length control field 00644nam a22002177a 4500
005 - DATE AND TIME OF LATEST TRANSACTION
control field 20170124110208.0
010 ## - LIBRARY OF CONGRESS CONTROL NUMBER
LC control number A-759510
020 ## - INTERNATIONAL STANDARD BOOK NUMBER
Terms of availability 150.00
035 ## - SYSTEM CONTROL NUMBER
System control number A-759510
037 ## - SOURCE OF ACQUISITION
Source of stock number/acquisition Cen Lib/Ret
040 ## - CATALOGING SOURCE
Original cataloging agency DPL
Language of cataloging EN
082 ## - DEWEY DECIMAL CLASSIFICATION NUMBER
Classification number 181.45
Item number SES
100 ## - MAIN ENTRY--PERSONAL NAME
Personal name Seshadri, T. R.
9 (RLIN) 37663
245 ## - TITLE STATEMENT
Title Curative powers of the holy Giita /
Statement of responsibility, etc by T. R. Seshadri
260 ## - PUBLICATION, DISTRIBUTION, ETC. (IMPRINT)
Place of publication, distribution, etc Hyderabad
Name of publisher, distributor, etc Tanikellas
Date of publication, distribution, etc 1995
270 ## - ADDRESS
Address Flat No.101, Harry's Mansion. V.R. Colony, Khairatabad
City Hyderabad
Postal code 500004
300 ## - PHYSICAL DESCRIPTION
Extent 228p.
Dimensions 21cm(Hb)
650 ## - SUBJECT ADDED ENTRY--TOPICAL TERM
Topical term or geographic name as entry element Bhagavadgītā
9 (RLIN) 37664
650 ## - SUBJECT ADDED ENTRY--TOPICAL TERM
Topical term or geographic name as entry element Hinduism
9 (RLIN) 37665
942 ## - ADDED ENTRY ELEMENTS (KOHA)
Source of classification or shelving scheme Dewey Decimal Classification
Koha item type English Books
Classification part 181.45
Call number suffix SES
Holdings
Withdrawn status Lost status Damaged status Not for loan Home library Current library Date acquired Source of acquisition Cost, normal purchase price Total Checkouts Full call number Barcode Date last seen Date checked out Copy number Cost, replacement price Price effective from Koha item type Public note
Written off       Central Library Central Library 25/07/2015 Cen Lib/Ret 150.00 1 181.45 SES A-759510 14/05/2018 11/05/2018 1 150.00 25/07/2015 English Books Written off on approval by DLB (By Circulation); dtd 15-06-2023

© Delhi Public Library
Hit Counter
free hit counter